Prosodiebedingte Fehler als mögliche Missverständnisse im Kommunikationsprozess

Úroveň ovládania nemeckého jazyka študentov germanistiky na slovenských vysokých školách - pohľad na fonologické zručnosti v oblasti prozódie.

Na minha lista:
Detalhes bibliográficos
Autor principal: Adamcová, Lívia
Formato: Capítulo de Livro
Idioma:alemão
Assuntos:
Tags: Adicionar Tag
Sem tags, seja o primeiro a adicionar uma tag!

MARC

LEADER 00000naa a2200000 4500
001 0257361
005 20240502074101.6
041 0 |a ger 
044 |a SK 
245 1 0 |a Prosodiebedingte Fehler als mögliche Missverständnisse im Kommunikationsprozess  |c Lívia Adamcová 
520 |a Úroveň ovládania nemeckého jazyka študentov germanistiky na slovenských vysokých školách - pohľad na fonologické zručnosti v oblasti prozódie. 
610 2 0 |a fonetika 
610 2 0 |a jazyky cudzie 
610 2 0 |a nemčina 
610 2 0 |a komunikácia 
610 2 0 |a školy vysoké 
100 1 |a Adamcová, Lívia